| 000 | 00519nam a2200205Ia 4500 | ||
|---|---|---|---|
| 003 | OSt | ||
| 005 | 20230602111714.0 | ||
| 008 | 210423s2006 xx 000 0 und d | ||
| 040 | _cAL | ||
| 041 | _aeng | ||
| 082 |
_a307.72 _223 _bVERR |
||
| 100 |
_aVERMA (S B),Ed _9118764 |
||
| 245 | _aRural management | ||
| 260 |
_aNew Delhi _bDeep and deep publication _c2006 |
||
| 365 |
_b320 _cINR |
||
| 650 |
_aRural Communities _9118765 |
||
| 650 |
_aSociology _9118766 |
||
| 906 | _amanagement ; Rural | ||
| 942 |
_2ddc _cBK |
||
| 999 |
_c174756 _d174756 |
||